Le meurtre du Samedi-Gloria

Na minha lista:
Detalhes bibliográficos
Autor principal: Confiant, Raphaël
Formato: Livro
Idioma:Undetermined
Publicado em: Francia Mercure 1997
Assuntos:
Tags: Adicionar Tag
Sem tags, seja o primeiro a adicionar uma tag!

MARC

LEADER 00000nam a2200000Ia 4500
008 170316s9999 xx 000 0 und d
040 |a cru BVZT 
090 |a 840 C-10.2m 
100 |a Confiant, Raphaël 
245 |a Le meurtre du Samedi-Gloria 
260 |a Francia 
260 |b Mercure 
260 |c 1997 
300 |a 319 páginas 
650 |a LITERATURA FRANCESA 
650 |a NOVELA 
999 |c 7562  |d 7562 
942 |c 15 D  |h 840 C-10.2m  |2 z